Manual de consulta para cría vacuna /

Guardado en:
Autor Principal: Vernet, Emilio
Formato: Libro
Publicado: Buenos Aires : E. Vernet, 2004
Edición:2a. ed.
Materias:
Etiquetas: Agregar Etiqueta
Sin Etiquetas, Sea el primero en etiquetar este registro!
LEADER 00541nam a22001935a 4500
001 CEM.cems017267
005 20020923141114.0
008 130507s2004##################000#0#####d
003 CEMS
020 |a 9874381779 
082 0 4 |a 636.2 
100 1 |a Vernet, Emilio 
245 1 0 |a Manual de consulta para cría vacuna /  |c Emilio Vernet 
250 |a 2a. ed. 
260 |a Buenos Aires :  |b E. Vernet,  |c 2004 
300 |a 104 p. 
653 |a Ganado vacuno-producción 
653 |a Bovinos 
859 |a CEMS  |b BIB. CEMS - Agricultura  |h 636.2  |i V595-2  |p A1078.09  |t Ej.1